Regional development in Western Europe

Saved in:
Bibliographic Details
Other Authors: Clout, Hugh D. (Editor)
Format: Book
Language:English
Published: Chichester : John Wiley, c1981
Edition:2nd ed.
Subjects:
Tags: Add Tag
No Tags, Be the first to tag this record!

MARC

LEADER 00000cam a2200000 i 4500
001 1/77583
008 970507s1981 eng d
020 |a 0-471-27846-7 
035 |l 10004341 
040 |a GR-MY-UA  |b gre  |e aacr 
041 0 |a eng 
082 0 |a 338.94 
245 1 0 |a Regional development in Western Europe /  |c edited by Hugh D. Clout 
250 |a 2nd ed. 
260 |a Chichester :   |b John Wiley,   |c c1981 
300 |a xiv, 417 σ.;  |b εικ.;  |c 26 εκ. 
504 |a Περιέχει βιβλιογραφικές παραπομπές και ευρετήριο 
650 0 0 |a Regional planning  |z Europe. 
651 0 |a Europe  |x Economic conditions  |y 1945- 
700 1 |a Clout, Hugh D.  |4 edt 
852 |a INST  |b LESVOS  |e 19970507  |h 338.94 REG  |p 005100011374  |q 005100011374  |t BK  |y 0 
909 |a Λ  |b 005443